Catálogo público

Calidad para consumo directo y composición química de 9 variedades comerciales de frijol (Phaseolus vulgaris L.) cultivadas en la región central de México / (Record no. 174143)

MARC details
000 -CABECERA
campo de control de longitud fija 06057nam a2200445 a 4500
001 - NÚMERO DE CONTROL
campo de control dia_3628
003 - IDENTIFICADOR DEL NÚMERO DE CONTROL
campo de control CHAP
005 - FECHA Y HORA DE LA ÚLTIMA TRANSACCIÓN
campo de control 20250410073849.0
007 - CAMPO FIJO DE DESCRIPCIÓN FÍSICA--INFORMACIÓN GENERAL
campo de control de longitud fija ta
008 - DATOS DE LONGITUD FIJA--INFORMACIÓN GENERAL
campo de control de longitud fija 220117s2005 mx ad frm 001 0 spa d
010 ## - NÚMERO DE CONTROL DE LA BIBLIOTECA DEL CONGRESO
Número de control de LC 174143
040 ## - FUENTE DE LA CATALOGACIÓN
Centro/agencia transcriptor CHAP
Centro catalogador/agencia de origen mxchpua
041 0# - CÓDIGO DE LENGUA
Código de lengua del texto/banda sonora o título independiente spa
Código de lengua del sumario o resumen eng
090 ## - LOCALMENTE ASIGNADO TIPO-LC NÚMERO DE CLASIFICACIÓN (OCLC); NÚMERO DE CLASIFICACIÓN LOCAL (RLIN)
Número de clasificación (OCLC) (R) ; Numero de clasificación, CALL (RLIN) (NR) Tesis
Número cutter local (OCLC) ; Número de libro/Signatura topográfica íntegra, CALL (RLIN) C78
año 2005
100 1# - ENTRADA PRINCIPAL--NOMBRE DE PERSONA
Nombre de persona Cruz Altunar, Librado
240 1# - TÍTULO UNIFORME
Título uniforme Quality for direc consumption and chemical composition of nine popular beans (Phaseolus vulgaris L.) cultivates in the central region of Mexico .
Lenguaje de la obra Español
245 10 - MENCIÓN DE TÍTULO
Título Calidad para consumo directo y composición química de 9 variedades comerciales de frijol (Phaseolus vulgaris L.) cultivadas en la región central de México /
Mención de responsabilidad, etc. Librado Cruz Altunar
264 ## - PRODUCCIÓN, PUBLICACIÓN, DISTRIBUCIÓN, FABRICACIÓN Y COPYRIGHT
Producción, publicación, distribución, fabricación y copyright Chapingo, México :
Nombre del de productor, editor, distribuidor, fabricante El autor,
Fecha de producción, publicación, distribución, fabricación o copyright 2005
300 ## - DESCRIPCIÓN FÍSICA
Extensión viii, 83 hojas :
Otras características físicas ilustraciones, tablas, graficas
336 ## - TIPO DE CONTENIDO
Fuente rdacontent
Término de tipo de contenido texto
Código de tipo de contenido txt
337 ## - TIPO DE MEDIO
Fuente rdamedia
Nombre/término del tipo de medio no mediado
Código del tipo de medio n
338 ## - TIPO DE SOPORTE
Fuente rdacarrier
Nombre/término del tipo de soporte volumen
Código del tipo de soporte nc
502 ## - NOTA DE TESIS
Nota de tesis Tesis
Tipo de título (Ingeniero Agroindustrial) --
Nombre de la institución que otorga el título UACh. Departamento de Ingeniería Agroindustrial,
Año de obtención del título 2005
504 ## - NOTA DE BIBLIOGRAFÍA, ETC.
Nota de bibliografía, etc. Bibliografía: hojas 69-77
520 3# - SUMARIO, ETC.
Sumario, etc. Los consumidores demandan frijol con alta calidad culinaria y nutricional, por lo que se evaluó el efecto de la variedad, localidad y año de siembra en la calidad para consumo directo de nueve variedades de frijol: Negro 8025, Negro Jamapa, Negro INIFAP, Pinto Saltillo, Pinto Villa, Flor de Mayo Sol, Flor de Junio Marcela, y Bayo Madero sembradas en dos localidades: Celaya, Guanajuato y Chapingo, estado de México durante en los años 2002 y 2003, bajo condiciones de temporal, con un diseño completamente al azar y dos repeticiones. La calidad para consumo directo se evaluó conforme a los parámetros de la calidad culinaria:tiempo de cocción, capacidad de absorción de agua y sólidos en caldo de cocción y la calidad nutricional de acuerdo al porcentaje de proteína, almidón, amilosa en el almidón,fibra cruda, cenizas y factores antinutrimentales (taninos y ácido fitico), además de realizar la evaluación de las características físicas del grano (humedad, peso y volumen de 100 granos y contenido de testa). Se encontraron diferencias estadísticas en la calidad culinaria y nutricional entre variedades, localidades y año de siembra. El grano producido en el año 2002 presentó mejores características físicas de grano, calidad culinaria y calidad nutrimental. La localidad de siembra no afectó en forma determinante las características fisicas y de calidad culinaria del grano de frijol, pero si la composición química del grano. El genotipo influyó significativamente sobre las características fisicas, de calidad culinaria y composición química del frijol. El valor nutrimental de las variedades estudiadas presentó mayor dependencia de la clase comercial que de las características propias de cada genotipo, dentro de las cuales los frijoles de grano negro opaco presentaron los mayores contenidos de proteína y los menores contenidos de taninos, alto contenido de ácido fitico. Los genotipos que resultaron sobresalientes dentro de cada clase comercial por sus menores tiempos de cocción fueron: Flor de Mayo Sol (flores); Negro Jamapa (negros opacos) y Pinto Saltillo (pintos), por lo que se recomiendan para su consumo directo por su rápida cocción.
520 3# - SUMARIO, ETC.
Sumario, etc. The consumers demand bean with culinary and nutritional, therefore was evaluated the effect variety, locality and year sowing in the quality for direct consumption of nine varieties of bean: Negro 8025, Negro Jamapa, Negro INIFAP, Flor de Mayo Sol, Flor de Mayo M 38, Flor de Junio Marcela, Pinto Saltillo, Pinto Villa and Bayo Madero. Bean cultivars were planted during 2002 and 2003 growing season under reined condition at two localities in the Central Region of Mexico: Celaya, Guanajuato and Chapingo, Mexico state, with randomized complete design with two replicate. The quality for consumption was evaluated in conformance at the parameters of the quality culinary: cooking time, water absorption capability and cooking broth solid at the nutritional quality of accordance to the protein percentage, starch, amylose in fraction starch, crude fiber, ash and antinutrimental factors (tannins and phytic acid), in addition realizing the evaluation of the physical characteristics of the grain (humity, weight and volume of 100 grain) and seed coat content). Difference statistical in the culinary and nutritional quality between varieties, localities and year sowing. The grain produced in the 2002 present better physical characteristics, culinary and nutritional quality. Locality sowing didn't affected in determinant form the physical characteristics and culinary quality of seed, but affected chemical composition. The genotypes influenced significantly physical characteristics, culinary, quality and chemical composition of bean. The nutrimental value of the studied varieties presented major dependence commercial class than own characteristics of every genotype, inside wich the beans opaque black were presented protein content high and tannins content low, phytic acid content high. The genotypes that turn out be excellent inside every commercial class by cooking time low were: Flor de Mayo Sol (Flowers); Negro Jamapa (opaque black) and Pinto Saltillo (pintos), for what they are recommended for direct consumption for cooking rapid.
650 13 - PUNTO DE ACCESO ADICIONAL DE MATERIA--TÉRMINO DE MATERIA
Término de materia o nombre geográfico como elemento de entrada Frijoles
Subdivisión general Variedades
Fuente del encabezamiento o término atg
650 13 - PUNTO DE ACCESO ADICIONAL DE MATERIA--TÉRMINO DE MATERIA
Término de materia o nombre geográfico como elemento de entrada Frijoles
Subdivisión general Propiedades fisicoquímicas
Fuente del encabezamiento o término atg
650 13 - PUNTO DE ACCESO ADICIONAL DE MATERIA--TÉRMINO DE MATERIA
Término de materia o nombre geográfico como elemento de entrada Frijoles
Subdivisión general Industria y comercio
Fuente del encabezamiento o término atg
Subdivisión geográfica México
650 13 - PUNTO DE ACCESO ADICIONAL DE MATERIA--TÉRMINO DE MATERIA
Término de materia o nombre geográfico como elemento de entrada Beans
Subdivisión general Varieties
Fuente del encabezamiento o término atg
650 13 - PUNTO DE ACCESO ADICIONAL DE MATERIA--TÉRMINO DE MATERIA
Término de materia o nombre geográfico como elemento de entrada Beans
Subdivisión general Industry and trade
Subdivisión geográfica Mexico
650 13 - PUNTO DE ACCESO ADICIONAL DE MATERIA--TÉRMINO DE MATERIA
Término de materia o nombre geográfico como elemento de entrada Beans
Subdivisión general Physicochemical properties
Fuente del encabezamiento o término atg
700 1# - PUNTO DE ACCESO ADICIONAL--NOMBRE DE PERSONA
Nombre de persona Pérez Herrera, Patricia
Término indicativo de función/relación directora
700 1# - PUNTO DE ACCESO ADICIONAL--NOMBRE DE PERSONA
Nombre de persona Buendía González, María Ofelia
Término indicativo de función/relación asesor
700 1# - PUNTO DE ACCESO ADICIONAL--NOMBRE DE PERSONA
Nombre de persona Rubio Hernández, David
Término indicativo de función/relación asesor
901 ## - ELEMENTOS DE DATOS A LOCAL LDA (RLIN)
a TESIS C78 2005
942 ## - ELEMENTOS DE PUNTO DE ACCESO ADICIONAL (KOHA)
Tipo de ítem Koha TESIS
Fuente del sistema de clasificación o colocación Clasificación Universidad Autónoma Chapingo
902 ## - ELEMENTOS DE DATOS B LOCAL, LDB (RLIN)
a M
905 ## - ELEMENTOS DE DATOS E LOCAL, LDE (RLIN)
a 5232272005 mx nm 8223123322spa16
Holdings
Estado de retiro Estado de pérdida Fuente del sistema de clasificación o colocación Estado dañado Restricciones de uso No para préstamo Código de colección Localización permanente Ubicación/localización actual Fecha de adquisición Fuente de adquisición Total de préstamos Signatura topográfica completa Código de barras Fecha visto por última vez Número de copia Precio válido a partir de Tipo de ítem Koha
    Clasificación Universidad Autónoma de Chapingo   Préstamo 5 días   Tesis Ingenieria Agroindustrial Ingenieria Agroindustrial 18/01/2022 El autor   Tesis C78 2005 1101011395 02/02/2026 Ej.2 18/01/2022 Tesis
    Clasificación Universidad Autónoma de Chapingo   Préstamo interno   Tesis Ingenieria Agroindustrial Ingenieria Agroindustrial 18/01/2022 El autor   Tesis C78 2005 1101000750 02/02/2026 Ej.1 18/01/2022 Tesis